Journal of cardiovascular disease research

Detalles Bibliográficos
Autor Corporativo: Society of Science, Biology, and Medicine (India)
Formato: Electrónico Revista
Lenguaje:inglés
Publicado: Mumbai : Medknow Publications, 2010-
[India] : Elsevier
Bangalore : Scibiolmed.org
Materias:
Acceso en línea:Full text available from Research Library: 01/01/2010 to 10/31/2012

MARC

LEADER 00000nas a2200000 a 4500
001 ssj0000392816
003 WaSeSS
005 20200512172242.0
006 m d
007 cr n
008 110223c20109999ii qr p s 0 0eng
010 |a  2010329516 
016 7 |a 101536738  |2 DNLM 
022 |a 0976-2833  |l 0976-2833  |y 0975-3583 
025 |a I-D-E-2010-329516; 42 
035 |a (WaSeSS)ssj0000392816 
040 |a DLC  |b eng  |c DLC  |d DLC  |d NLM  |d CUS  |d OCLCF  |d OCLCQ  |d OCLCO  |d NLM  |d CUS  |d OCLCQ  |d OCLCO  |d RDF  |d OCLCO  |d OCLCQ  |d WaSeSS 
042 |a pcc 
050 1 4 |a RC666 
060 0 0 |a W1  |b JO575K 
210 0 |a J. cardiovasc. dis. res. 
222 0 |a Journal of cardiovascular disease research 
245 0 0 |a Journal of cardiovascular disease research  |h [electronic resource]. 
246 1 3 |a JCDR 
260 |a Mumbai :  |b Medknow Publications,  |c 2010- 
260 2 |3 2013- :  |a [India] :  |b Elsevier 
260 3 |3 2014- :  |a Bangalore :  |b Scibiolmed.org 
310 |a Quarterly 
362 0 |a Vol. 1, issue 1 (Jan./Mar. 2010)- 
506 |a License restrictions may limit access. 
550 |a Official publication of Society of Science, Biology, and Medicine. 
588 |a Latest issue consulted: Vol. 1, issue 4 (Oct./Dec. 2010). 
650 0 |a Cardiovascular system  |x Diseases  |v Periodicals. 
650 1 2 |a Cardiovascular Diseases. 
650 7 |a Cardiovascular system  |x Diseases.  |2 fast  |0 (OCoLC)fst00847181 
655 0 |a Electronic journals. 
710 2 |a Society of Science, Biology, and Medicine (India) 
856 4 0 |z Full text available from Research Library: 01/01/2010 to 10/31/2012  |u https://search.proquest.com/publication/226489